000 00444nam a2200145Ia 4500
008 191206s9999 xx 000 0 und d
020 _a9780241242346
100 _aBooth, Thomas
245 _cThomas Booth
_aEnglish for everyone course book:
_blevel 1 business English/
260 _aUK:
_bDorling Kindersley
_c2017
300 _a192 p. ;
_bcol. ill. :
_c23 cm.
500 _aIncludes index
650 _aEnglish language
650 _avocabulary
999 _c362844
_d362844